000 00464nam a22001577a 4500
003 macl
005 20240912163139.0
008 240912b |||||||| |||| 00| 0 eng d
040 _cmacl
082 _a891.433/TIW/N
100 _aप्रहलाद, तिवारी
_978253
245 _aअठारह दिन
260 _aदिल्‍ली
_bसुधा बुक मार्ट
_c2010
650 _aउपन्‍यास
942 _2ddc
_cHIN
999 _c66998
_d66998